00561pab a2200157 454500008004000000100002500040245010500065260000900170300001400179362000800193650001400201773006700215909001000282999001700292952009400309180718b2005 xxu||||| |||| 00| 0 eng d aMann, Christopher B. aUnintentional voter mobilization: does participation in pre-election surveys increase voter turnout? c2005 ap.155-68. aSep aElections aAnnals of the American Academy of Political and Social Science a66869 c66869d66869 00104070aIIPAbIIPAd2018-07-19hVolume no: 601, pAR67325r2018-07-19w2018-07-19yAR